000 00389pam a2200157a 44500
008 230515b1980 xxu||||| |||| 00| 0 eng d
020 _a0-673-38323-7
041 _aENGLISH
082 _aT/330.9173'2
100 _a"MILLS.E.S.,HAMILTON.B.W."
245 _aURBAN ECONOMICS IVTH ED.
250 _a1
260 _aLONDON
_bSCIENTIFIC BOOK AGENCY
_c1980
300 _a461
650 _aNULL
999 _c479343
_d479343